Statistics for The League of Extraordinary Gentlemen Characters

Click here to take the quiz!

General Stats

  • This quiz has been taken 12 times
  • The average score is 3 of 8

Answer Stats

Answer% Correct
Captain Nemo
100%
Dorian Gray
80%
The Fantom / "M" / James Moriarty
60%
Allan Quatermain
40%
Mina Harker
20%
Tom Sawyer
20%
Henry Jekyll / Edward Hyde
0%
Rodney Skinner
0%

Score Distribution

Percentile by Number Answered

Percent of People with Each Score

Your Score History

You have not taken this quiz